Promovanie destinácií prostredníctvom filmového cestovného ruchu bakalárska práca

Salvato in:
Dettagli Bibliografici
Autore principale: Vajdák, Daniel
Ente Autore: Obchodná fakulta EU. Katedra služieb a cestovného ruchu - zrušené
Altri autori: Fodranová, Iveta, 1959-
Natura: Libro
Lingua:slovacco
Pubblicazione: Bratislava 2022
Tags: Aggiungi Tag
Nessun Tag, puoi essere il primo ad aggiungerne!!

MARC

LEADER 00000nbm a2200000 4500
001 0285760
005 20221205132719.1
041 0 |a slo 
044 |a SK 
245 1 0 |a Promovanie destinácií prostredníctvom filmového cestovného ruchu  |b bakalárska práca  |c Daniel Vajdák ; školiteľ: Iveta Fodranová 
264 1 |a Bratislava  |c 2022 
300 |a 64 s. 
100 1 |a Vajdák, Daniel 
700 1 |a Fodranová, Iveta, 1959- 
710 2 |a Obchodná fakulta EU. Katedra služieb a cestovného ruchu - zrušené